000 01953nam a2200241 4500
005 20160831092923.0
008 160614s1886 fr |||fr|||| 001 0 spa d
040 _aCO-BoUCM
_bspa
_cSandra Yazo
_dSandra Yazo
041 0 _aspa
082 0 4 _220
_a922.22
092 _aE40N065
100 1 _aPardo Bazán, Emilia
_ccondesa de
_d1851-1921
_977734
245 1 0 _aSan Francisco de Asís
_b(Siglo XIII)
_cDoña Emilia Pardo Bazán ; con un prólogo por D. Marcelino Menéndez y pelayo
260 _aParís (Francia)
_bLibrería de Garnier Hermanos
_c1886
300 _acxxxv, 576 páginas
_c19 x 13 cm.
500 _aDetalles físicos: Encuadernación rígida en cartón forrado en tela. Tapas y lomo con decoración en dorado y negro, algunos repujados. Guardas con una anotación. Anteportada. Hoja de cortesía con un retrato de la autora. Portada impresa en dos tinta. Texto impreso en una sola columna. Cenefas y remates, algunas anotaciones manuscritas entre el texto. Papel muy manchado, algunas hojas sueltas. Cortes pintados. Perteneció a la biblioteca de Mons. Rafael María Carrasquilla
505 0 _aDedicatoria ; Prologo ; Censura y licencia eclesiástica ; Al que leyere ; Cartas ; Introducción ; La edad media y el siglo XIII ; San Francisco de Asís: Primeros años ; Aurora de la orden ; El apostolado franciscano ; San Francisco en España ; La orden se constituye ; Primera Corona ; Pasión ; Agonía, muerte, resurrección ; La orden terciaria ; La indulgencia de las rosas ; San Francisco y la mujer ; San Francisco y la naturaleza ; La pobreza franciscana y las herejías comunistas ; La conspiración franciscana en las artes ; La inspiración en la ciencia ; Los filósofos franciscanos ; San Francisco y la poesía
506 _aConsulta en sala
600 1 _91672
_aFrancisco de Asís
_cSanto
_xBiografías
650 7 _916128
_aFranciscanos
690 _aBiografías
_97343
942 _2LOCAL
_cLIBRO
_e2
_hE40N065
999 _c303638
_d303638